000 00449nam a2200193Ia 4500
008 240510s9999 xx 000 0 und d
020 _a0000471044741
041 _aEng
082 _a005.133
082 _bW13
100 _aWAGNER, Jerrold L
245 0 _aFORTRAN 77 Principles of programming
260 _bNew York : John Wiley
260 _c1980
300 _a370 p.
650 _aProgramming languages
942 _2ddc
942 _cLBK
999 _c25389
_d25389
945 _a1
_bMadushi Gamage
_c1
_dMadushi Gamage